000 00560nam a2200181 4500
001 137783
003 ES-MaACL
005 20230906195436.0
007 t|
008 070214s1942 sp r ||||1| spa d
100 1 _aSalinas y Angulo, Ignacio.
_9101954
245 1 0 _aAlgebra /
_cpor Ignacio Salinas y Angulo y Manuel Benítez y Parodi.
250 _a12ª ed.
260 _aMadrid :
_bVictoriano Suárez,
_c1942.
300 _aXIX, 772 p. ;
_c22 cm +
_e3 lám. pleg.
700 1 _aBenítez y Parodi, Manuel.
_927653
852 _aES-MaACL
_jF-15492
_bR.19757
999 _c137783
_d137783